000
00334nam a22001337a 4500
003
SGT
020
_a
9789355211279
082
_a
320
_b
S22K
100
_a
कुमार, संतोष
245
_a
संघ और सरकार
260
_b
प्रभात प्रकाशन
_c
2022
300
_a
390
942
_2
ddc
_c
BK
999
_c
32052
_d
32052